000
00312nam a22001337a 4500
008
181023b xxu||||| |||| 00| 0 eng d
020
_a
9780374527518
041
_a
eng
080
_a
941
100
_a
16
101
_a
his
245
_a
The Secret Husory Of American Merocracy
_c
Lemann.N
942
_2
udc
_c
BK
999
_c
50657
_d
50657